00761nam a22002297a 450000500170000001000110001702000100002803500110003803700160004904000120006508200110007710000300008824500500011826000260016827000290019430000210022365000350024465000300027994200200030999900190032995201830034820170124110126.0 a194584 c00.00 a194584 bCen Lib/Ret aDPLbEN aNbSTR aStringfellow, Olga931573 aA gift for the sultan /cby Olga Stringfellow aLondonbCollinsc1962 aSt James's PlacebLondon a256p. c18cm(Hb) aGloag, Helen -- Fiction931574 aMorocco -- Fiction931575 2ddccENhNmSTR c131355d131355 04104070aLbLd2015-07-14eCen Lib/Ret g0.00l0oN STRp194584r2015-07-14 00:00:00t1v0.00w2015-07-14yENzWritten off on approval by DLB (By Circulation); dtd 15-06-2023